000 00400 a2200145 4500
005 20250627112034.0
020 _a0-333 26079 1
082 _a331.0967 DAM.
100 _aDAMACHI, G. U.
245 _aIndustrial Relations In Africa,
260 _aLondon,
_bMacmillan Publishing Company,
_c1979.
300 _axii.; 363p.
_bIndex,
_c22cm.
700 _aSEIBER DIETER, H & TRACHTMAN, L.
942 _2ddc
_cBKS
999 _c5597
_d5597